000 00596nam a2200241Ia 4500
003 OSt
005 20220924145908.0
006 a|||||r|||| 00| 0
007 ta
008 220923b |||||||| |||| 00| 0 tel d
020 _c2.50
024 _a330737
037 _cTextual
040 _aARTS
_cARTS
_btel
041 _2tel
_atel
082 _a0155,3x, 35K5
100 _aChandramouli Au.
_9202921
245 0 _aChelimi
260 _c1965
650 _aMARATHI LITERATURE
_938000
942 _h0155,3x, 35K5
_cTEXL
_2CC
999 _c461511
_d461511